| 000 | 01185nam a22002297a 4500 | ||
|---|---|---|---|
| 003 | OSt | ||
| 005 | 20240628204806.0 | ||
| 008 | 240628b |||||||| |||| 00| 0 eng d | ||
| 020 | _a9789584684738 | ||
| 040 |
_aCO-UdeC _besp _cCO-UdeC _dCO-UdeC _eAARC |
||
| 082 |
_a346.02 _bC828 |
||
| 100 |
_aCortés Tulande, Orlando _92534 _eAutor |
||
| 245 | 1 | 0 |
_aContratación la oferta : _bCómo, por qué y para qué presentarla, revisarla y ajustarla en los ámbitos personal y empresarial / _cOrlando Cortés Tulande. |
| 260 | 3 |
_aBogotá : _bOrlando Cortés Tulande, _c2016. |
|
| 300 |
_a189 p. ; _c24 cm. |
||
| 504 | _aIncluye bibliografía e índice de tablas. | ||
| 505 | 2 | _aCapítulo 1 La oferta: importancia y concepto -- Capítulo 2 La oferta personal -- Cómo presentar ofertas personales -- Para qué presentar ofertas personales -- Por qué presentar ofertas personales -- Capítulo 3 La oferta empresarial -- Cómo presentar ofertas empresariales -- Para qué presentar ofertas empresariales -- Por qué presentar ofertas empresariales -- Capítulo 4 Reflexión final | |
| 546 | _aEspañol. | ||
| 650 | 1 | 0 |
_aContratos _9950 |
| 650 | 1 | 0 |
_aDerecho comercial _9197 |
| 942 |
_2ddc _cBK _n0 |
||
| 999 |
_c1797 _d1797 |
||